000 00705cam a22002292 4500
001 0000019149
005 20151217145911.0
008 101018s xx 000 0 eng d
020 _a0199558346 :
040 _aKABU
_cKABU
100 1 _aKeane, Adrian.
_@0000160354
245 1 4 _aThe Modern law of evidence /
_cAdrian Keane, James Griffiths, Paul McKeown.
250 _a8th ed.
260 _aOxford :
_bO. U. P.,
_c2010.
300 _alxviii, 688 p.
650 0 _aEvidence (Law)
_zGreat Britain.
_@0000160151
700 1 _aGriths, James.
_@0000178803
700 1 _aMcKeown, Paul.
_@0000178804
852 1 _9p4060 KES
908 _a101018
950 _@1
999 _c3882
_d3882